[Event "Teplice Open 2017"]
[Site "Teplice"]
[Date "2017.06.16"]
[Round "7"]
[White "Vorobiov, Evgeny E"]
[Black "Andreev, Eduard"]
[Result "1-0"]
[WhiteElo "2591"]
[BlackElo "2434"]
[Annotator "TA"]
[PlyCount "103"]
[EventDate "2017.??.??"]
[EventCountry "CZE"]
[SourceTitle "playchess.com"]
[Source "ChessBase"]
[SourceQuality "1"]

{[%evp 21,103,44,59,53,63,59,60,0,65,0,61,56,62,64,60,59,83,83,80,91,78,66,81,77,121,116,120,101,108,45,37,41,67,37,41,29,106,73,92,75,102,100,98,69,72,72,75,0,58,0,99,28,40,58,76,0,0,-64,87,0,134,0,148,138,168,151,119,20,541,446,754,752,2466,2428,2125,914,1222,1069,881,670,12837,12838,12841,12841]} 1. d4 {[%cal Bd2d4,Bd4d5][%mdl 32]} Nf6 2. c4 c5 3. d5 g6 4. Nc3 Bg7 5. e4 O-O 6. Nf3 e6 7. Bd3 exd5 8. cxd5 d6 9. h3 a6 10. a4 Nbd7 11. O-O Nh5 12. Bg5 {A70: Modern Benoni: 6 e4 g6 7 Nf3} Bf6 13. Bh6 (13. Be3 Re8 14. Qd2 Ne5 15. Be2 Nxf3+ 16. Bxf3 Ng7 {½-½ (16) Kazhgaleyev,M (2594)-Ponomariov,R (2709) chess.com INT 2017}) 13... Bg7 14. Bg5 {White is slightly better.} Bf6 $1 {[%cal Rf6g5]} 15. Bh6 Bg7 16. Bxg7 Kxg7 17. Re1 $36 {[%mdl 2048] [#] White is pushing.} Re8 $146 ({Predecessor:} 17... Qf6 18. a5 Rb8 19. Na4 Re8 {½-½ (37) Ulybin,M (2518)-Oleksienko,M (2590) Cappelle-la-Grande 2008}) 18. Bf1 Ne5 19. Nxe5 Rxe5 20. g3 Re8 21. Kh2 Rb8 22. f4 b5 23. axb5 axb5 24. Qd2 ({Much less strong is} 24. Bxb5 Bd7 $14) 24... b4 25. Nd1 (25. Nb5 $16) 25... Nf6 $14 26. Bg2 Bb7 27. b3 Ra8 28. Nf2 Nd7 (28... Rxa1 $11 29. Rxa1 Kg8) 29. Rxa8 Bxa8 30. Qb2+ f6 31. Ra1 Bb7 32. Ng4 Qb6 33. h4 h5 34. Ne3 {Threatens to win with Nc4.} Ba6 35. Qd2 (35. Qc1 $1 $14) 35... Bb5 (35... c4 $11 {remains equal.}) 36. g4 (36. f5 $16 {Black must now prevent fxg6.} Ne5 37. fxg6 Kxg6 38. Kh1) 36... hxg4 $11 37. Nxg4 Rh8 38. Kg3 (38. Qf2 $16) 38... Qd8 $1 39. Rh1 (39. Nh2 $11) 39... Qe7 $2 {[#]} (39... f5 $15 {keeps the upper hand.} 40. exf5 gxf5) 40. Qb2 ({Better is} 40. h5 $1 $16 {[%mdl 512]}) 40... Kf7 {[#]} (40... Kf8 $11) 41. Bf3 ({White has to play} 41. h5 $1 $16 {[%cal Rh5g6][%mdl 512] hxg6+ is the strong threat.} gxh5 42. Ne3) 41... Rh7 {[#]} (41... Kf8 $11) 42. h5 $1 $16 g5 43. fxg5 fxg5 44. e5 (44. Be2 $16 Bxe2 45. Qxe2) 44... dxe5 $2 {[%mdl 8192]} (44... Nxe5 $11 {and Black is okay.} 45. Re1 Bd7) 45. Be4 $18 {White is clearly winning.} ({Not} 45. Be2 Bxe2 46. Qxe2 Qd6 $16) 45... Rh8 (45... Kf8 $142 46. Bxh7 Qxh7 47. Nxe5 Kg8) 46. Qf2+ Nf6 47. Qf5 Rg8 48. Nh6+ (48. Ra1 $142 Ba4 49. Rxa4 Rb8 50. Nxf6 Kf8 51. h6 Qf7 52. h7 Kg7 {[#]} 53. Nh5+ $1 {[%mdl 512]} Qxh5 54. Ra7+ Rb7 55. Rxb7+ Qf7 56. Rxf7+ Kh8 57. Qxe5#) 48... Kf8 49. Nxg8 Kxg8 50. Qg6+ Kh8 51. Ra1 {Intending Ra8+ and mate.} Be8 52. Ra8 {Precision: White = 54%, Black = 46%.} 1-0

[Event "Teplice Open 2017"]
[Site "Teplice"]
[Date "2017.06.16"]
[Round "7"]
[White "Babula, Vlastimil"]
[Black "Nagy, Gabor"]
[Result "1/2-1/2"]
[WhiteElo "2552"]
[BlackElo "2447"]
[Annotator "TA"]
[PlyCount "69"]
[EventDate "2017.??.??"]
[EventCountry "CZE"]
[SourceTitle "playchess.com"]
[Source "ChessBase"]
[SourceQuality "1"]

{[%evp 13,69,40,47,0,0,0,0,0,0,0,0,0,0,0,-6,0,0,-19,-6,-10,-8,-14,-5,-8,-9,0,-9,-4,-9,-8,0,0,0,0,0,0,0,0,0,0,0,0,0,0,0,0,0,0,0,0,0,0,0,0,0,0,0,0]} 1. d4 Nf6 2. c4 g6 3. Nc3 Bg7 4. e4 d6 5. Nf3 O-O 6. Be2 Bg4 7. Be3 Nfd7 8. d5 {E91: King's Indian: Classical: 6 Be2, unusual replies including 6...c5 and 6...Bg4} (8. O-O $14) (8. O-O Nc6 9. d5 Bxf3 10. Bxf3 Na5 11. Be2 Bxc3 12. bxc3 e5 13. dxe6 fxe6 14. f4 Qe7 15. Rb1 b6 16. Qc2 Rf7 17. Rf2 Nc5 18. Bxc5 dxc5 19. e5 Rd8 20. g3 Qe8 21. Rff1 Rfd7 {½-½ (64) Nguyen,N (2629)-Akopian,V (2675) Doha 2016}) 8... Bxc3+ $11 {The position is equal.} 9. bxc3 Na6 10. h4 $146 ({Predecessor:} 10. h3 Bxf3 11. gxf3 Nac5 12. h4 e5 13. dxe6 Nxe6 14. Qd2 h5 15. f4 Nec5 {1-0 (35) Kryakvin,D (2511)-Chigaev,M (2521) Moscow 2015}) 10... Nac5 11. Ng5 Bxe2 12. Qxe2 {next h5 is good for White.} h6 13. Nf3 h5 14. e5 e6 15. dxe6 Nxe6 ({Reject} 15... fxe6 $6 16. Rd1 $14) 16. Rd1 Re8 17. O-O Qe7 18. exd6 cxd6 19. Qd3 Ne5 20. Nxe5 dxe5 21. Qe4 Rac8 22. Rd5 Nf4 23. Bxf4 exf4 24. Qxf4 Qe4 (24... Qc7 $5 {[%cal Rc7f4]} 25. Qf6 Qxc4 26. Rxh5 gxh5 27. Qg5+ Kh7 28. Qf5+ Kh6 29. Qg5+ Kh7 30. Qxh5+ Kg7 31. Qg5+ Kh7 32. Qh5+ Kg8 33. Qg5+ Kh7 34. Qh5+ $11) 25. Rd4 Qxf4 26. Rxf4 {[%mdl 4096] Endgame KRR-KRR} Re2 27. Rd1 Rc7 28. a4 Re5 29. Rb1 Rec5 30. g3 b6 31. Rb5 Rxc4 32. Rxc4 Rxc4 33. a5 Rxc3 {[#] Hoping for ...Rc5.} 34. axb6 axb6 35. Rxb6 {Precision: White = 86%, Black = 85%.} 1/2-1/2

[Event "Teplice Open 2017"]
[Site "Teplice"]
[Date "2017.06.16"]
[Round "7"]
[White "Stefansson, Hannes"]
[Black "Hnydiuk, Aleksander"]
[Result "0-1"]
[WhiteElo "2548"]
[BlackElo "2404"]
[Annotator "TA"]
[PlyCount "49"]
[EventDate "2017.??.??"]
[EventCountry "CZE"]
[SourceTitle "playchess.com"]
[Source "ChessBase"]
[SourceQuality "1"]

{[%evp 20,49,45,29,24,-9,3,-216,-213,-197,-200,-323,-321,-336,-283,-258,-293,-225,-118,-245,-213,-617,-645,-709,-727,-1574,-1545,-1718,-1715,-2297,-2276,-29990]} 1. e4 c5 2. Nf3 d6 3. d4 cxd4 4. Nxd4 Nf6 5. Nc3 a6 6. a4 e6 7. Be2 b6 8. f4 Bb7 9. Bf3 Qc7 10. O-O Nbd7 11. Qe1 {LiveBook: 7 Games. B84: Sicilian Scheveningen: 6 Be2 a6, lines without early Be3} (11. a5 $5) 11... Be7 12. g4 h6 13. g5 $146 (13. h4 $11) ({Predecessor:} 13. f5 e5 14. Nde2 b5 15. axb5 axb5 16. Rxa8+ Bxa8 17. Ng3 O-O 18. Rf2 b4 {0-1 (35) Bajarani,U (2165)-Milov,V (2676) Baku 2007}) 13... hxg5 $19 14. fxg5 d5 {[%csl Gh8][%cal Rc7h2,Bd6d5,Bd5e4][%mdl 32] [#]} 15. Qf2 (15. e5 {is a better defense.}) 15... Bc5 ({But not} 15... dxe4 16. Nxe4 Bxe4 17. Bxe4 $19) 16. Nce2 Ne5 17. Bf4 dxe4 18. Bg2 {[#]} Nd5 ({Don't take} 18... Nfg4 19. Qg3) ({Black should play} 18... Nf3+ $1 $19 19. Bxf3 Qd7) 19. Bg3 (19. Bxe5 $17 Qxe5 20. Qxf7+ Kd8 21. Qxb7 Qxh2+ 22. Kf2 Qh4+ 23. Kg1 Qh2+ 24. Kf2 Qh4+ 25. Kg1 Qh2+) 19... Ng4 20. Qe1 $2 (20. Bxc7 Nxf2 21. Bg3 Nh3+ 22. Bxh3 Rxh3 23. c3) 20... e5 {[%cal Be6e5,Be5d4][%mdl 32] Black is clearly winning.} 21. g6 f6 22. Kh1 Nxh2 {...Nf3+ is the strong threat.} 23. Bxh2 exd4 {[%csl Gh8][%cal Rc7h2]} 24. Ng3 Ne3 25. Nh5 {Precision: White =  7%, Black = 70%.} 0-1

[Event "Teplice Open 2017"]
[Site "Teplice"]
[Date "2017.06.16"]
[Round "7"]
[White "Hirneise, Tobias"]
[Black "Dobrowolski, Piotr"]
[Result "1/2-1/2"]
[WhiteElo "2466"]
[BlackElo "2421"]
[Annotator "TA"]
[PlyCount "66"]
[EventDate "2017.??.??"]
[EventCountry "CZE"]
[SourceTitle "playchess.com"]
[Source "ChessBase"]
[SourceQuality "1"]

{[%evp 21,66,9,13,17,8,-4,14,11,14,-15,-16,-28,4,-14,0,-2,0,-21,-18,-47,-47,-41,-46,-54,-14,-23,-19,0,0,-20,16,12,18,12,26,22,19,20,32,0,18,0,6,0,16,0,0]} 1. d4 Nf6 2. c4 e6 3. Nf3 d5 4. Nc3 Be7 5. Bg5 O-O 6. e3 h6 7. Bxf6 Bxf6 8. Rc1 c6 9. Bd3 Nd7 10. O-O dxc4 11. Bxc4 e5 12. d5 {D55: Queen's Gambit Declined: 4 Bg5 Be7: Lines without ...h6 and 6...h6 7 Bxf6} Nb6 13. b3 cxd5 14. Bxd5 Qe7 {[#]} 15. Be4 $146 ({Predecessor:} 15. Qc2 Bg4 16. Qe4 Bxf3 17. Qxf3 Rac8 18. Be4 Rc7 19. Ne2 Rfc8 {½-½ (39) Sargissian,G (2676)-Baramidze,D (2614) Antalya 2013}) 15... Be6 16. Qe2 a6 17. Rc2 g6 18. Nd2 Bg7 19. a4 Rad8 20. Rfc1 f5 21. a5 Nc8 22. Bd3 e4 23. Bc4 Nd6 24. Bxe6+ Qxe6 25. Na4 Rc8 26. Nc5 Qe7 27. b4 Kh7 28. g3 Nb5 29. Nc4 Rcd8 30. Nb6 Rd6 {The position is equal.} 31. Nc4 Rd5 32. Nb6 Rd6 33. Nc4 Rd5 {Precision: White = 37%, Black = 60%.} 1/2-1/2

[Event "Teplice Open 2017"]
[Site "Teplice"]
[Date "2017.06.16"]
[Round "7"]
[White "Cernousek, Lukas"]
[Black "Lagarde, Maxime"]
[Result "0-1"]
[WhiteElo "2464"]
[BlackElo "2601"]
[Annotator "TA"]
[PlyCount "92"]
[EventDate "2017.??.??"]
[EventCountry "CZE"]
[SourceTitle "playchess.com"]
[Source "ChessBase"]
[SourceQuality "1"]

{[%evp 9,92,39,72,58,85,74,94,103,99,77,102,101,104,112,99,114,95,104,143,64,93,81,78,68,87,105,104,97,97,90,102,99,189,183,162,176,358,354,319,310,544,533,610,595,550,463,445,463,450,422,381,425,367,310,527,509,547,533,429,185,212,196,212,129,135,47,153,31,32,0,0,0,19,0,0,0,0,0,0,0,0,0,0,-2438,-2223]} 1. d4 g6 2. c4 Bg7 3. Nc3 d6 4. Nf3 f5 5. e4 Nf6 (5... Nh6 6. Bd3 O-O 7. h4 f4 8. h5 gxh5 9. d5 Bxc3+ 10. bxc3 Bg4 11. Be2 e5 12. dxe6 Qf6 13. Nd4 c5 14. Bxg4 Nxg4 {1-0 (27) Kazhgaleyev,M (2582)-Ismagambetov,A (2559) Almaty 2016}) 6. Bd3 {A42: Modern Defence: Averbakh Variation} e6 7. e5 $146 ({Predecessor:} 7. O-O O-O 8. Bc2 c6 9. e5 dxe5 10. Nxe5 Nbd7 11. Bg5 Qc7 12. Qe2 Nxe5 13. Qxe5 Qxe5 14. dxe5 {1-0 (47) Kamrukov,A (2022)-Khlichkova,T (2076) Koltsovo 2010}) 7... dxe5 8. dxe5 {White is better.} Ng4 9. Qe2 {Strongly threatening Bg5.} Nc6 {[%cal Rg4e5]} 10. Bg5 Nd4 11. Bxd8 Nxe2 12. Bxc7 ({And not} 12. Kxe2 Kxd8 13. Rhe1 Nxe5 $17) 12... Nxc3 13. bxc3 Bd7 {[#]} 14. h3 ({White should try} 14. O-O $1 $16) 14... Rc8 15. Bd6 $36 {[%mdl 2048] Keeping Black busy.} ({Of course not} 15. hxg4 Rxc7 16. gxf5 exf5 $11) 15... Nh6 16. Ng5 Nf7 17. Nxf7 Kxf7 18. c5 Bc6 19. O-O g5 20. Rab1 h5 {[#]} (20... Bf8 $16) 21. Bb5 $1 $18 Be4 22. Rb4 b6 $2 (22... Rhd8 23. f3 Bd5) 23. Ra4 Ra8 24. f3 Bc2 $2 (24... Bd5 {was necessary.} 25. c4 Bb7) 25. Ra6 f4 26. Rc1 Bf5 {Black hopes to continue with ...bxc5.} 27. Bc6 Rac8 28. Rxa7+ Kg6 29. Bb7 Rxc5 30. Bxc5 bxc5 31. Ra8 Rh7 $2 (31... Rxa8 {is a better defense.} 32. Bxa8 Bxe5) 32. Be4 Bxe4 33. fxe4 Bxe5 {[%mdl 4096] Endgame KRR-KRB} 34. Rc8 (34. a4 $142) 34... Rd7 35. Rxc5 Bb8 {aiming for ...Ba7.} 36. Rb5 Ba7+ 37. Kh1 (37. Kh2 $16) 37... Rd2 $1 $14 38. c4 (38. h4 $16 gxh4 39. a4) 38... Be3 39. Rcb1 Rxa2 40. R5b2 (40. Re5 {looks sharper.} Kf6 41. Reb5 Kg6) 40... Ra6 41. g3 fxg3 42. Kg2 (42. Rb3 $5 {[%cal Rb3e3]} Bf2 43. c5 $11) 42... h4 43. Rc2 (43. Kf3 $5 {[%cal Rf3e3]} Bc5 44. Rc2 $11) 43... Ra5 44. Kf3 Bf2 45. Rb5 Ra1 46. c5 $2 {[%mdl 8192] [#]} (46. Kg4 $11) 46... g4+ $1 {[%mdl 512] Precision: White = 58%, Black = 40%.} 0-1

[Event "Teplice Open 2017"]
[Site "Teplice"]
[Date "2017.06.16"]
[Round "7"]
[White "Butkiewicz, Lukasz"]
[Black "Turov, Maxim"]
[Result "0-1"]
[WhiteElo "2460"]
[BlackElo "2595"]
[Annotator "TA"]
[PlyCount "172"]
[EventDate "2017.??.??"]
[EventCountry "CZE"]
[SourceTitle "playchess.com"]
[Source "ChessBase"]
[SourceQuality "1"]

{[%evp 12,172,41,29,43,-22,-19,-18,-19,-28,-15,-31,-27,-62,-61,-53,-60,-66,-54,-61,-63,-65,-38,-50,-33,-82,-76,-55,-50,-50,-50,-76,-76,-78,-79,-87,-24,-24,-24,-24,-22,-21,-21,-22,-25,-25,-24,-35,-19,-79,-88,-80,-73,-81,-72,-67,-67,-67,-73,-95,-45,-125,-125,-125,-125,-125,-69,-69,-69,-125,-69,-69,-69,-71,-71,-71,-71,-89,-89,-122,0,-89,-71,-89,-89,-89,-71,-71,-71,-71,-71,-71,-71,-71,-81,-81,-81,-122,-89,-89,-89,-97,-96,-97,0,-122,-122,-698,-705,-693,-579,-1550,-1583,-1511,-1661,-1412,-1344,-1289,0,-1171,0,-1260,-1163,-1022,-942,-512,-382,-1635,-1539,-1475,-1343,-12839,-12831,-12832,-12831,-12832,-12832,-12832,-12832,-1540,-3010,-766,0,-12833,-12833,-12833,-12834,-12834,-12835,-12836,-12836,-12837,-5961,-12841,-12841,-12845,-12845,-12845,-12844,-12845,-12845,-29988,-29989]} 1. e4 c6 2. d4 d5 3. e5 Bf5 4. Nf3 e6 5. Be2 Nd7 6. O-O h6 7. c3 Qc7 {B12: Caro-Kann: Advance Variation} 8. Na3 ({Better is} 8. Re1 $14) 8... Bxa3 $11 9. bxa3 Ne7 {The position is equal.} 10. a4 $146 ({Predecessor:} 10. Qb3 O-O 11. a4 c5 12. Be3 Nc6 13. Nh4 Be4 14. f3 Bh7 15. f4 {0-1 (34) Vishnu,P (2470)-Gharamian,T (2663) Metz 2013}) 10... O-O 11. Ba3 c5 12. c4 dxc4 13. Rc1 Nc6 14. Bxc4 Rfd8 {[%cal Rd7e5]} 15. Bb5 Bg4 {[%cal Rd7e5]} 16. Bxc6 $1 bxc6 17. Re1 Bxf3 18. Qxf3 cxd4 19. Bd6 Qa5 20. Qxc6 d3 {[%cal Bd4d3,Bd3d2][%mdl 32]} 21. Bc7 Nb6 $1 {Strongly threatening ...d2.} 22. Red1 d2 23. Rc5 Qxa4 (23... Qa6 $1 $17 {[%cal Ra6e2] White must now prevent ...Qe2.} 24. Qb5 (24. Bxd8 Qe2 $17) 24... Qxb5 25. axb5 Rd4 26. Bxb6 axb6) 24. Qxa4 Nxa4 25. Bxd8 {Hoping for Be7.} Nxc5 26. Rxd2 $17 {[%mdl 4096] Endgame KRB-KRN} Ne4 27. Rd7 Rc8 28. h3 a6 29. Bc7 g5 30. f3 (30. g3 $11 {remains equal.}) 30... Nc3 31. a3 Kg7 32. Bd8 Nd5 33. Rd6 Rc1+ 34. Kh2 Rc2 {And now ...Nf4 would win.} 35. Kh1 Ne3 36. Bf6+ (36. g4 $15) 36... Kg6 37. g4 Nd5 38. Rxa6 Nxf6 (38... Rf2 $1 $17 39. Ra8 Nxf6 40. exf6 Kxf6) 39. exf6 {KR-KR} Rf2 $1 40. a4 {[#]} ({White should try} 40. Ra7 $1 $15) 40... Rxf3 ({Black should play} 40... h5 $1 $17 41. gxh5+ Kxh5) 41. Kg2 $15 Ra3 (41... Rxf6 {is more complex.} 42. Ra8 Rf4 43. a5 Rd4 44. a6 Ra4) 42. Ra7 Kxf6 43. a5 Kg6 44. Ra8 Ra2+ 45. Kf3 Ra3+ 46. Kg2 $1 Rc3 47. Rg8+ Kf6 48. Rh8 Kg7 49. Ra8 Rc5 50. Ra7 Kf6 51. Kf3 Rc3+ 52. Kg2 Ra3 53. Kh2 Kg6 54. Kg2 Rb3 55. Ra8 Rb2+ 56. Kf3 Rh2 57. Kg3 Ra2 58. Kf3 Ra4 59. Kg2 $2 {[%mdl 8192] [#]} (59. Kf2 $17) 59... f5 $1 $19 {[%cal Rf5g4,Bf7f5,Bf5f4][%mdl 32]} 60. Kf3 Ra3+ 61. Kg2 f4 62. Rg8+ Kf6 63. Rh8 Kg7 64. Ra8 Kf6 65. Rh8 $1 Kg7 66. Ra8 Kf7 67. Ra7+ Kg6 68. Ra8 Ra2+ 69. Kg1 $2 (69. Kf3 Ra4 70. Kg2) 69... Kf6 70. Rh8 Ke5 71. Rxh6 Rxa5 72. Kf2 Ra2+ 73. Kf3 Ra3+ 74. Kg2 Rg3+ 75. Kh2 Re3 (75... Rc3 $142 76. Kg2 Rg3+ 77. Kh2 Ke4 78. Rxe6+ Kf3) 76. Kg2 Rg3+ (76... Kd4 $142 77. Kf2 e5 78. Rd6+ Kc5) 77. Kh2 $1 Rb3 78. Kg2 Rb6 79. Kf3 Kd4 80. h4 Rb3+ 81. Kf2 e5 {[%cal Be6e5,Be5e4,Be4e3][%mdl 32]} 82. hxg5 Rg3 83. Rh4 e4 84. g6 e3+ 85. Kf1 f3 {( -> ...Rg2)} 86. g7 Rg2 {Precision: White = 55%, Black = 65%.} 0-1

[Event "Teplice Open 2017"]
[Site "Teplice"]
[Date "2017.06.16"]
[Round "7"]
[White "Stachowiak, Kamil"]
[Black "Stocek, Jiri"]
[Result "0-1"]
[WhiteElo "2428"]
[BlackElo "2585"]
[Annotator "TA"]
[PlyCount "154"]
[EventDate "2017.??.??"]
[EventCountry "CZE"]
[SourceTitle "playchess.com"]
[Source "ChessBase"]
[SourceQuality "1"]

{[%evp 13,154,9,8,4,15,12,8,14,26,22,23,8,35,8,9,14,14,45,31,-6,-6,-33,0,0,0,-5,0,0,17,0,0,0,35,36,38,26,70,20,41,6,13,0,0,0,0,-1,0,0,0,0,0,0,0,0,0,0,0,0,0,0,0,0,13,0,6,-51,-50,-32,-40,-119,-119,-119,-114,-134,-117,-156,-111,-156,-146,-142,-156,-147,-152,-147,-143,-170,-170,-424,-221,-224,-220,-238,-182,-197,-190,-152,-168,-187,-174,-263,-247,-288,-272,-308,-308,-293,-294,-276,-276,-272,-271,-237,-222,-239,-75,-75,-75,-75,0,0,0,-29975,-29976,-29974,-29977,-29963,0,0,0,0,0,0,0,-29981,-29982,-29982,-29983,-29984,-29985,-29986,-29987,-29987,-29988]} 1. d4 Nf6 2. Nf3 b6 3. g3 Bb7 4. Bg2 g6 5. O-O Bg7 6. c4 O-O 7. Nc3 Ne4 8. Bd2 {A50: Queen's Fianchetto Defence (1 d4 Nf6 2 c4 b6)} (8. Nxe4 Bxe4 9. Be3 c5 10. Qd2 d6 11. Rac1 Nd7 12. Rfd1 Nf6 13. Bh6 Qc7 14. Bxg7 Kxg7 15. Ne1 Rad8 16. f3 Bb7 17. d5 b5 18. b3 bxc4 19. bxc4 e5 {1-0 (56) Zherebukh,Y (2632)-Ipatov,A (2662) Saint Louis 2017}) 8... e6 9. Rc1 Nxd2 10. Qxd2 {The position is equal.} d5 11. cxd5 exd5 12. Rfd1 $146 ({Predecessor:} 12. Ne5 c6 13. f4 Nd7 14. e4 dxe4 15. Nxe4 Nxe5 16. fxe5 c5 17. Nf6+ Bxf6 18. exf6 Bxg2 19. Qh6 {1-0 (19) Dias,P (2387)-Pereira Dias,A (1988) Evora 2006}) 12... Re8 13. Qf4 Na6 14. Ne5 Re7 (14... f6 $5 {[%cal Rf6e5]} 15. Ng4 f5 16. Nh6+ Bxh6 17. Qxh6 c6 $11) 15. e4 {[%cal Rc3d5]} Qf8 16. Rb1 dxe4 17. Nxe4 {Strongly threatening Nf6+.} Rae8 18. Nf6+ Bxf6 $1 19. Qxf6 Bxg2 20. Kxg2 Nb8 21. Rbc1 Nd7 22. Qc6 Rd8 23. Nf3 Nb8 24. Qa4 a6 25. Rd2 Rd6 26. Rdc2 Qc8 27. Qb4 Qb7 28. Re1 a5 29. Qd2 Rxe1 30. Qxe1 Re6 31. Re2 Rxe2 32. Qxe2 Nd7 33. Qe8+ Nf8 34. Qe5 Nd7 35. Qe8+ Nf8 36. Qe5 Qc6 37. d5 Qd7 38. a3 Qd8 39. Nd4 (39. Qd4 $11) 39... Nd7 $36 {[%mdl 2048] Black is pushing.} 40. Qf4 Nf6 41. f3 (41. d6 $1 $15 Qxd6 42. Qxd6 cxd6 43. Nb5) 41... Nxd5 $17 42. Qe5 {intending Nc6.} Qd7 43. f4 Ne7 44. Nf3 h6 45. b4 axb4 46. axb4 Nd5 47. Qe4 Nf6 48. Qc4 Ng4 49. Qc3 {Hoping for h3.} Qd1 50. Nd4 $2 {[#]} (50. Qd2) 50... Qb1 (50... c5 $142 $1 {[%mdl 512]} 51. bxc5 bxc5 52. Qxc5 Qd2+ 53. Kf3 Nxh2+ 54. Ke4 Qg2+ 55. Ke5 Ng4+ 56. Kd6 Qxg3) 51. Nf3 Qa2+ 52. Nd2 Qd5+ 53. Kg1 Qe6 {( -> ...Qe1+)} 54. Nf1 Qd6 55. b5 Nf6 56. Ne3 (56. Qc4 $142) 56... Nd5 $19 57. Nxd5 Qxd5 58. Qxc7 Qxb5 {[%mdl 4096] Endgame KQ-KQ} 59. Qd8+ Kh7 60. Qf6 Qc5+ 61. Kg2 Qd5+ 62. Kf2 b5 63. Ke3 Qe6+ $2 (63... b4 $19 {and Black stays clearly on top.} 64. Qd4 Qe6+ 65. Kd3 Qb3+ 66. Kd2 Qa2+ 67. Kc1 Qxh2) 64. Qxe6 $17 fxe6 {KP-KP} 65. Kd4 g5 (65... Kg7 $17 {White must now prevent ...Kf6.} 66. Kc5 Kf6 67. Kxb5 e5) 66. fxg5 $11 hxg5 {[%cal Bh6g5,Bg5g4][%mdl 32] K3P-KPP} 67. Kc5 $2 {[%mdl 8192]} (67. h3 $11) 67... g4 $1 68. Kxb5 {KPP-KPP} Kg6 69. Kc4 Kf5 $2 (69... e5 $1 {mates} 70. Kd3 Kf5 71. Ke3 Kf6 72. Kd3 Ke7 73. Ke3 Kd6 74. Ke4 Ke6 75. Kd3 Kd5 76. Ke3 e4 77. Kf4 Kd4 78. Kxg4 e3 79. Kf3 Kd3 80. g4 e2 81. Kf2 Kd2 82. Kg3 e1=Q+ 83. Kf4 Kd3 84. Kf5 Qe4+ 85. Kf6 Qxg4 86. Ke5 Kc4 87. h3 Qxh3 88. Ke4 Qg4+ 89. Ke5 Kc5 90. Kf6 Kd6 91. Kf7 Qg5 92. Kf8 Ke6 93. Ke8 Qg8#) 70. Kd4 $1 e5+ 71. Kd3 $1 Kf6 {aiming for ...Ke7.} 72. Ke3 $1 Ke7 73. Kd3 $2 {[%mdl 8192]} (73. Kf2 $11) 73... Kd6 {Black mates.} 74. Ke4 Ke6 75. Ke3 {[#]} Kd5 $1 76. Kd3 {[#]} e4+ $1 77. Ke3 Ke5 {Precision: White = 46%, Black = 52%.} 0-1

[Event "Teplice Open 2017"]
[Site "Teplice"]
[Date "2017.06.16"]
[Round "7"]
[White "Ahlander, Bjorn"]
[Black "Demuth, Adrien"]
[Result "0-1"]
[WhiteElo "2423"]
[BlackElo "2548"]
[Annotator "TA"]
[PlyCount "86"]
[EventDate "2017.??.??"]
[EventCountry "CZE"]
[SourceTitle "playchess.com"]
[Source "ChessBase"]
[SourceQuality "1"]

{[%evp 9,86,41,37,-18,0,-16,0,12,3,-22,10,0,0,0,0,0,0,-48,-58,-44,-25,-99,-82,-85,-85,-123,-126,-123,-133,-120,-129,-190,-187,-201,-220,-272,-270,-235,-191,-206,-208,-300,-188,-178,-198,-167,-191,-328,-300,-235,-75,-150,-131,-169,-125,-125,-128,-134,-95,-280,-274,-1794,-1788,-1754,-1804,-1769,-1720,-1666,-1568,-1558,-1366,-1560,-1240,-29982,-29983,-29997,-29998,-29998,-29999]} 1. d4 f5 2. Bg5 g6 3. Nc3 Bg7 4. h4 h6 (4... Nc6 5. Nf3 h6 6. Bf4 Nf6 7. d5 e5 8. Bxe5 Nxe5 9. Nxe5 Ne4 10. Nxe4 fxe4 11. Nxg6 Bxb2 12. e3 {0-1 (35) Wagner,D (2575)-Vallejo Pons,F (2684) Berlin 2015}) 5. Bf4 Nf6 {LiveBook: 42 Games} 6. e4 {A80: Dutch Defence: Unusual White second moves} ({Better is} 6. Qd3 $14) 6... fxe4 7. f3 d5 8. Qd2 $1 {The position is equal.} Nc6 $146 ({Predecessor:} 8... Bf5 9. O-O-O exf3 10. Nxf3 c6 11. Bd3 Nbd7 12. h5 {0-1 (46) Rittler,R (2240)-Kummer,H (2290) Austria 1995}) 9. O-O-O exf3 10. Bd3 Bf5 $1 11. Bxf5 gxf5 12. gxf3 Nh5 13. Nge2 (13. Qg2 $5 {[%cal Rg2g6]} Kf7 14. Be3 $15) 13... Qd7 ({Inferior is} 13... Nxf4 14. Nxf4 Qd7 15. Qg2 $16 (15. Ncxd5 O-O-O $11)) 14. Bh2 O-O-O {[%cal Be8c8,Bc8b7,Bb7a7][%mdl 32]} 15. Kb1 (15. Nb5 $1 $11) 15... a6 16. Na4 {Black should prevent Nc5.} b6 17. Qd3 {[#]} Kb7 $1 18. Qb3 {And now Nc5+ would win.} Ka7 19. Qe3 Rhe8 20. b3 (20. Nac3 $17 {was necessary.}) 20... e5 $19 21. dxe5 Nxe5 ({But not} 21... Bxe5 22. Qxh6 Bg7 23. Qd2 $15) 22. Qf2 {[#]} Nc4 $1 {[%mdl 512]} 23. Rhg1 (23. bxc4 Qxa4) 23... Ne3 24. Rd3 d4 25. Rg6 (25. Nf4 $142 Nxf4 26. Bxf4) 25... f4 26. Nxf4 Nxf4 27. Bxf4 Qf7 28. Rg1 (28. h5 {is a better defense.}) 28... Qxf4 29. Rxg7 Nf5 $2 (29... Rg8 $19 {is more deadly.} 30. Qg1 Rxg7 31. Qxg7 Kb7) 30. Rf7 ({White should play} 30. Rg4 Qe5 31. Re4) 30... Rf8 $36 {[%mdl 2048] Black is really pushing.} 31. Rh7 {intending Rc3!} Rh8 ({Much less strong is} 31... Nxh4 32. Qd2) 32. Rxh8 Rxh8 33. c3 Qxh4 34. Qe2 $2 (34. Qxh4 $17 Nxh4 35. Rxd4 Nxf3 36. Rf4) 34... Rg8 {Hoping for ...Ne3.} 35. Qe5 $2 (35. Nb2) 35... Qh1+ 36. Kb2 Rg2+ 37. Ka3 Qc1+ 38. Kb4 Nd6 39. Nxb6 Kxb6 40. Qxd4+ Kb7 {( -> ...a5+!)} 41. Re3 Rxa2 {[%csl Ga2][%cal Rc1a3] Black mates.} 42. c4 Qa3+ 43. Kc3 Qa5+ {Precision: White = 36%, Black = 63%.} 0-1

[Event "Teplice Open 2017"]
[Site "Teplice"]
[Date "2017.06.16"]
[Round "7"]
[White "Luch, Michal"]
[Black "Grela, Kacper"]
[Result "1/2-1/2"]
[WhiteElo "2401"]
[BlackElo "2310"]
[Annotator "ChessBase"]
[PlyCount "61"]
[EventDate "2017.??.??"]
[EventCountry "CZE"]
[SourceTitle "playchess.com"]
[Source "ChessBase"]
[SourceQuality "1"]
[TimeControl "40/5400+30:1800+30"]

1. d4 Nf6 2. c4 c5 3. d5 e6 4. Nc3 exd5 5. cxd5 d6 6. Nf3 g6 7. h3 Bg7 8. e4 a6 9. a4 Nbd7 10. Bf4 Qe7 11. Bd3 Nh5 12. Bg5 Bf6 13. Bh6 Ne5 14. Be2 Nxf3+ 15. Bxf3 Ng7 16. O-O O-O 17. Qd2 Be5 18. Rfe1 Rb8 19. a5 Bd7 20. Bf4 b5 21. axb6 Rxb6 22. Bxe5 Qxe5 23. Be2 Rfb8 24. f4 Qd4+ 25. Qxd4 cxd4 26. Nd1 Re8 27. Rxa6 Rxa6 28. Bxa6 Nh5 29. Nf2 Nxf4 30. Rd1 Rb8 31. Rd2 1/2-1/2